000 00381nam a2200157Ia 4500
008 230524s9999 xx 000 0 und d
082 _a621.382
_bROT
100 _aCharles H.Roth
245 0 _aFundamentals of Logic Design
250 _a4TH
260 _aNEW DELHI
_bJaico Pub
_c2001
300 _aXVIII;765
500 _aQuantity Number: 2
650 _aComp-Sc
942 _cBK
999 _c34420
_d34420